000 00418nam a2200145Ia 4500
008 230917s9999||||xx |||||||||||||| ||und||
040 _e168399
_aMAIN
041 _aEnglish
082 _a891.433721 GB959R
100 _aगुप्त, भैरवप्रसाद
245 0 _aरम्भा
260 _aइलाहाबाद
_bधारा प्रकाशन
_c1964
300 _a270 p.
942 _cHN
999 _c214301
_d214301